[Event "Olimpiada Calviá 2004"]
[Site "Calviá ESP"]
[Date "2004.10.28"]
[Round "13.37"]
[White "Belkhodja, Slim"]
[Black "Mateo, Ramon"]
[Result "1-0"]
[WhiteElo "2478"]
[BlackElo "2453"]
[PlyCount "83"]
[EventDate "2004.10.15"]
[EventType "team"]
[EventRounds "14"]
[EventCountry "ESP"]
[Source "lmi"]
[SourceDate "2004.10.27"]

1. e4 c5 2. Nf3 a6 3. c3 Nf6 4. e5 Nd5 5. d4 cxd4 6. cxd4 e6 7. Bd3 Nc6 8. O-O
Be7 9. Nc3 Nxc3 10. bxc3 d5 11. exd6 Qxd6 12. Ng5 Bxg5 13. Bxg5 O-O 14. Qh5 f5
15. Rae1 Bd7 16. Re3 Rf7 17. Rfe1 b5 18. Qf3 Rc8 19. Bf4 Qf8 20. d5 e5 21. dxc6
Bxc6 22. Qg3 exf4 23. Qxf4 Rd8 24. h4 Qd6 25. Qxd6 Rxd6 26. Re6 Rxd3 27. Rxc6
g6 28. a4 Rfd7 29. a5 Kf7 30. Rxa6 Rxc3 31. Rb6 Rc2 32. h5 gxh5 33. a6 Rcc7 34.
Re5 Rc1+ 35. Kh2 Rdd1 36. Rxf5+ Kg7 37. Kg3 Ra1 38. Rg5+ Kf7 39. Rxh5 Rh1 40.
Rxh1 Rxh1 41. Rxb5 Rc1 42. Rb6 1-0

[Event "Olimpiada Calviá 2004"]
[Site "Calviá ESP"]
[Date "2004.10.28"]
[Round "13.37"]
[White "Dominguez, Jose M"]
[Black "Doghri, Nabil"]
[Result "1-0"]
[WhiteElo "2353"]
[BlackElo "2309"]
[PlyCount "67"]
[EventDate "2004.10.15"]
[EventType "team"]
[EventRounds "14"]
[EventCountry "ESP"]
[Source "lmi"]
[SourceDate "2004.10.27"]

1. d4 d5 2. Nf3 Nf6 3. Bf4 Bf5 4. e3 e6 5. c3 Be7 6. h3 h6 7. Qb3 Qc8 8. Nbd2
O-O 9. g4 Bh7 10. g5 hxg5 11. Nxg5 Bg6 12. Rg1 c5 13. Ndf3 Nc6 14. Qd1 Nh5 15.
Bh2 cxd4 16. exd4 f6 17. Nh4 Be8 18. Ngf3 e5 19. dxe5 Qe6 20. Ng6 Bxg6 21. Rxg6
Qf7 22. Rg2 fxe5 23. Nxe5 Nxe5 24. Bxe5 Bg5 25. Be2 Rae8 26. Rxg5 Qxf2+ 27. Kd2
Rxe5 28. Rxe5 Qf4+ 29. Re3 Re8 30. Kc2 Qxe3 31. Qxd5+ Kf8 32. Qd6+ Kg8 33. Bxh5
Re6 34. Qd8+ 1-0

[Event "Olimpiada Calviá 2004"]
[Site "Calviá ESP"]
[Date "2004.10.28"]
[Round "13.37"]
[White "Munoz, Lisandro"]
[Black "Amdouni, Zoubeir"]
[Result "0-1"]
[WhiteElo "2302"]
[BlackElo "2104"]
[PlyCount "70"]
[EventDate "2004.10.15"]
[EventType "team"]
[EventRounds "14"]
[EventCountry "ESP"]
[Source "lmi"]
[SourceDate "2004.10.27"]

1. e4 c5 2. Nf3 Nc6 3. Bb5 e6 4. b3 Nge7 5. Bb2 Ng6 6. O-O a6 7. Be2 e5 8. c3
Be7 9. d4 d6 10. Re1 O-O 11. Nbd2 Nf4 12. Bf1 Bf6 13. Nc4 b5 14. Ne3 exd4 15.
cxd4 Re8 16. Nc2 Bg4 17. Qc1 Nh3+ 18. gxh3 Bxf3 19. Bg2 Bg5 20. Qb1 Bxg2 21.
Kxg2 Bd2 22. Re2 Qg5+ 23. Kf1 Qf4 24. Qd1 Ba5 25. Qd3 cxd4 26. Nxd4 Qxh2 27.
Qf3 Ne5 28. Qg2 Qxg2+ 29. Kxg2 Nd3 30. Rc2 Rxe4 31. Kg3 Nxb2 32. Nc6 Be1 33.
Kf3 Rae8 34. Nd4 Nd3 35. Rd1 Rxd4 0-1

[Event "Olimpiada Calviá 2004"]
[Site "Calviá ESP"]
[Date "2004.10.28"]
[Round "13.38"]
[White "Mok, Tze-Meng"]
[Black "Roselli Mailhe, Bernardo"]
[Result "1-0"]
[WhiteElo "2336"]
[BlackElo "2405"]
[PlyCount "60"]
[EventDate "2004.10.15"]
[EventType "team"]
[EventRounds "14"]
[EventCountry "ESP"]
[Source "lmi"]
[SourceDate "2004.10.27"]

1. e4 e5 2. Nf3 Nc6 3. Bb5 Nf6 4. O-O Bc5 5. c3 Bb6 6. d4 O-O 7. Re1 d6 8. h3
Qe7 9. Qd3 Bd7 10. d5 Nb8 11. Bxd7 Nbxd7 12. c4 Nc5 13. Qc2 c6 14. Nc3 Rac8 15.
Bg5 h6 16. Bxf6 Qxf6 17. b4 Nd7 18. Rad1 c5 19. b5 g6 20. Re3 Qg7 21. Nh2 Kh8
22. Rf3 Nf6 23. Ne2 Nh7 24. h4 h5 25. g3 Nf6 26. Kg2 Ng8 27. g4 hxg4 28. Nxg4
f5 29. Nh2 Rc7 30. h5 gxh5+ 1-0

[Event "Olimpiada Calviá 2004"]
[Site "Calviá ESP"]
[Date "2004.10.28"]
[Round "13.38"]
[White "Curi, Gabriel"]
[Black "Lim, Yee-Weng"]
[Result "1-0"]
[WhiteElo "2264"]
[BlackElo "2346"]
[PlyCount "61"]
[EventDate "2004.10.15"]
[EventType "team"]
[EventRounds "14"]
[EventCountry "ESP"]
[Source "lmi"]
[SourceDate "2004.10.27"]

1. d4 d5 2. c4 c6 3. Nf3 Nf6 4. Nc3 e6 5. Bg5 dxc4 6. e4 b5 7. e5 h6 8. Bh4 g5
9. Nxg5 hxg5 10. Bxg5 Nbd7 11. exf6 Bb7 12. g3 c5 13. d5 Ne5 14. Bg2 Nd3+ 15.
Kf1 Qd7 16. b3 b4 17. bxc4 Nb2 18. Qb3 bxc3 19. Qxc3 Na4 20. Qc2 Bh6 21. h4
Bxg5 22. hxg5 Rxh1+ 23. Bxh1 O-O-O 24. Re1 Rg8 25. Qh7 Re8 26. g6 fxg6 27. f7
Rf8 28. dxe6 Qd3+ 29. Kg1 Nc3 30. Bxb7+ Kxb7 31. e7 1-0

[Event "Olimpiada Calviá 2004"]
[Site "Calviá ESP"]
[Date "2004.10.28"]
[Round "13.38"]
[White "Hafiz, Shafruddin"]
[Black "Carvalho, Guillermo"]
[Result "1/2-1/2"]
[WhiteElo "2075"]
[BlackElo "2216"]
[PlyCount "41"]
[EventDate "2004.10.15"]
[EventType "team"]
[EventRounds "14"]
[EventCountry "ESP"]
[Source "lmi"]
[SourceDate "2004.10.27"]

1. e4 e5 2. Nc3 Nf6 3. Bc4 Nc6 4. d3 Bb4 5. Nge2 d5 6. exd5 Nxd5 7. O-O Be6 8.
Nxd5 Bxd5 9. Bxd5 Qxd5 10. Be3 O-O 11. Ng3 f5 12. f4 Rae8 13. Kh1 Qe6 14. fxe5
Nxe5 15. Bf4 Bd6 16. Qd2 Ng4 17. Rf3 Bxf4 18. Qxf4 Ne5 19. Re3 Ng6 20. Rxe6
Nxf4 21. Ree1 1/2-1/2

[Event "Olimpiada Calviá 2004"]
[Site "Calviá ESP"]
[Date "2004.10.28"]
[Round "13.38"]
[White "Larrea, Manuel"]
[Black "Zarul Shazwan, Zullkafli"]
[Result "1-0"]
[WhiteElo "2279"]
[BlackElo "2020"]
[PlyCount "113"]
[EventDate "2004.10.15"]
[EventType "team"]
[EventRounds "14"]
[EventCountry "ESP"]
[Source "lmi"]
[SourceDate "2004.10.27"]

1. e4 e6 2. d3 d5 3. Nd2 Nf6 4. Ngf3 c5 5. g3 Nc6 6. Bg2 Be7 7. O-O O-O 8. e5
Nd7 9. Re1 b5 10. h4 Bb7 11. Nf1 Qc7 12. Bf4 a5 13. N1h2 a4 14. Ng5 g6 15. Ng4
Nd8 16. h5 Re8 17. Nh6+ Kg7 18. Nhxf7 Bxg5 19. Nxg5 h6 20. Nh3 g5 21. Bd2 Nxe5
22. f4 Nef7 23. Qg4 Rg8 24. fxg5 hxg5 25. Nxg5 Kh8 26. Bf4 Qe7 27. Nxf7+ Qxf7
28. Qh3 Bc8 29. Be5+ Kh7 30. Rf1 Qe8 31. Qh4 Bb7 32. Qf6 Ra7 33. Bf4 Qf8 34.
Qxf8 Rxf8 35. Bd6 Rxf1+ 36. Rxf1 c4 37. d4 Bc6 38. Rf8 Nf7 39. Bc5 Rb7 40. c3
Ng5 41. Bd6 Nf7 42. Bf4 Kg7 43. Rc8 Bd7 44. Rc7 Rxc7 45. Bxc7 Kf6 46. Kf2 Nh6
47. Bf3 Be8 48. g4 Nf7 49. Bf4 e5 50. dxe5+ Nxe5 51. Bxe5+ Kxe5 52. Ke3 b4 53.
a3 b3 54. g5 Kf5 55. g6 Bc6 56. g7 d4+ 57. Kxd4 1-0

[Event "Olimpiada Calviá 2004"]
[Site "Calviá ESP"]
[Date "2004.10.28"]
[Round "13.39"]
[White "Jones, Richard S"]
[Black "Gonzalez, Bernal"]
[Result "1/2-1/2"]
[WhiteElo "2297"]
[BlackElo "2423"]
[PlyCount "82"]
[EventDate "2004.10.15"]
[EventType "team"]
[EventRounds "14"]
[EventCountry "ESP"]
[Source "lmi"]
[SourceDate "2004.10.27"]

1. e4 c5 2. Nf3 Nc6 3. d4 cxd4 4. Nxd4 g6 5. c4 Bg7 6. Be3 Nf6 7. Nc3 O-O 8.
Be2 d6 9. O-O Bd7 10. Qd2 Nxd4 11. Bxd4 Bc6 12. Bd3 a5 13. Rae1 a4 14. Nd5 e6
15. Nxf6+ Bxf6 16. Bb1 Bxd4 17. Qxd4 Qg5 18. Qxd6 Rad8 19. Qa3 Rd2 20. b4 b5
21. c5 Rfd8 22. Qc3 R8d4 23. a3 Rc4 24. Qe3 Qxe3 25. Rxe3 Rcd4 26. Rfe1 h5 27.
f3 e5 28. h4 Bd7 29. Kh2 Be6 30. R3e2 Bc4 31. Rxd2 Rxd2 32. Rc1 Kf8 33. Rc2 Rd3
34. Ba2 Bxa2 35. Rxa2 Ke7 36. Kg1 Kd7 37. Kf1 Kc7 38. Ke2 Rc3 39. g3 Rb3 40.
Kf2 Rd3 41. Kg2 Re3 1/2-1/2

[Event "Olimpiada Calviá 2004"]
[Site "Calviá ESP"]
[Date "2004.10.28"]
[Round "13.39"]
[White "Valdes, Leonardo"]
[Black "Kett, T."]
[Result "0-1"]
[WhiteElo "2372"]
[BlackElo "2196"]
[PlyCount "190"]
[EventDate "2004.10.15"]
[EventType "team"]
[EventRounds "14"]
[EventCountry "ESP"]
[Source "lmi"]
[SourceDate "2004.10.27"]

1. Nf3 f5 2. c4 Nf6 3. g3 g6 4. Bg2 Bg7 5. Nc3 O-O 6. O-O d6 7. d3 e5 8. Rb1 h6
9. b4 g5 10. Qb3 Kh8 11. a4 Qe8 12. Nd5 Qf7 13. Bb2 c6 14. Nxf6 Bxf6 15. Bc3
Be6 16. Qb2 g4 17. Nd2 Nd7 18. b5 d5 19. bxc6 bxc6 20. Qa3 e4 21. Bxf6+ Qxf6
22. Qd6 Bg8 23. Qa3 Rab8 24. dxe4 fxe4 25. Qe3 Rxb1 26. Nxb1 Nb6 27. cxd5 cxd5
28. a5 Nc8 29. Qc5 a6 30. Nd2 Ne7 31. Rb1 Rc8 32. Qe3 Rc3 33. Qa7 Nc8 34. Qd7
Rc2 35. Rb8 e3 36. Rxc8 Rxc8 37. fxe3 Rf8 38. Bf3 gxf3 39. Nxf3 Be6 40. Qa4 Bf5
41. Qd1 Be4 42. Kg2 h5 43. h4 Rg8 44. Kh2 Bxf3 45. exf3 Qe5 46. f4 Qf5 47. Qd4+
Rg7 48. Qb2 Kh7 49. Qc1 Qg6 50. Qe1 Re7 51. Qd2 Qe4 52. Qe2 Qg6 53. Qd2 Qe6 54.
Qe2 Kh6 55. Qb2 Kh7 56. Qe2 Kg6 57. Qd3+ Kg7 58. Qd4+ Kg8 59. Qd1 Qxe3 60.
Qxd5+ Qe6 61. Qg5+ Kf8 62. Qc5 Qe2+ 63. Kh3 Qe6+ 64. Kh2 Ke8 65. Qxh5+ Kd7 66.
Qd1+ Kc6 67. Qa4+ Kc5 68. Qc2+ Kb5 69. Qb1+ Kxa5 70. f5 Qe2+ 71. Kh3 Re4 72.
Qa1+ Kb4 73. Qb1+ Kc5 74. Qg1+ Kd5 75. Qh1 Ke5 76. Qa1+ Kxf5 77. Qb1 Ke5 78.
Qb8+ Kd4 79. Qd6+ Kc3 80. Qa3+ Kd2 81. Qa5+ Ke3 82. Qb6+ Rd4 83. Qe6+ Kd2 84.
Qa2+ Ke1 85. Qa1+ Qd1 86. Qc3+ Kf1 87. Qc8 Kg1 88. Qf5 Qf1+ 89. Qxf1+ Kxf1 90.
g4 Rd3+ 91. Kh2 a5 92. g5 a4 93. g6 a3 94. g7 Rd8 95. h5 a2 0-1

[Event "Olimpiada Calviá 2004"]
[Site "Calviá ESP"]
[Date "2004.10.28"]
[Round "13.39"]
[White "Rees, Ioan"]
[Black "Hernandez Basante, Francisco"]
[Result "1-0"]
[WhiteElo "2201"]
[BlackElo "2283"]
[PlyCount "109"]
[EventDate "2004.10.15"]
[EventType "team"]
[EventRounds "14"]
[EventCountry "ESP"]
[Source "lmi"]
[SourceDate "2004.10.27"]

1. d4 d5 2. Nf3 Nc6 3. c4 e5 4. Nxe5 Nxe5 5. dxe5 d4 6. g3 Be6 7. Bg2 c6 8. Nd2
Qd7 9. O-O h5 10. Nf3 O-O-O 11. Qa4 Kb8 12. Rd1 c5 13. Qxd7 Rxd7 14. b3 g6 15.
e3 d3 16. Ne1 Bg7 17. Bb2 d2 18. Nf3 Nh6 19. Rxd2 Rxd2 20. Nxd2 Ng4 21. Nf3 Rd8
22. Kf1 Bf5 23. h3 Nh6 24. Ke1 Be4 25. Rd1 Re8 26. Ke2 Kc7 27. Rd2 Nf5 28. Kf1
Bxf3 29. Bxf3 Bxe5 30. Bxe5+ Rxe5 31. Rd5 Rxd5 32. Bxd5 f6 33. Ke2 b6 34. Be4
Ne7 35. h4 Kd6 36. f3 Ke5 37. Bc2 Ke6 38. g4 f5 39. gxh5 gxh5 40. Kf2 Ke5 41.
Kg3 Ng6 42. f4+ Kf6 43. Bd1 Ne7 44. Bxh5 Nc6 45. Bd1 Nb4 46. a3 Na2 47. Kf3 a5
48. Bc2 Nc3 49. a4 Na2 50. e4 Nb4 51. Bb1 Nc6 52. exf5 Nd4+ 53. Ke4 Nxb3 54.
Kd5 Nd2 55. Bd3 1-0

[Event "Olimpiada Calviá 2004"]
[Site "Calviá ESP"]
[Date "2004.10.28"]
[Round "13.40"]
[White "Dervishi, Erald"]
[Black "Berend, Fred"]
[Result "1-0"]
[WhiteElo "2502"]
[BlackElo "2378"]
[PlyCount "91"]
[EventDate "2004.10.15"]
[EventType "team"]
[EventRounds "14"]
[EventCountry "ESP"]
[Source "lmi"]
[SourceDate "2004.10.27"]

1. e4 c5 2. Nf3 e6 3. d4 cxd4 4. Nxd4 Nf6 5. Nc3 d6 6. Be2 Be7 7. O-O Nc6 8.
Be3 O-O 9. Kh1 a6 10. a4 Bd7 11. Nb3 Na5 12. Nxa5 Qxa5 13. Qe1 Rfe8 14. f4 Rac8
15. Bf3 Bc6 16. Rd1 Qc7 17. Qg3 Nd7 18. Bd4 e5 19. Be3 exf4 20. Bxf4 Ne5 21.
Be2 Bf6 22. b4 Re6 23. b5 axb5 24. axb5 Be8 25. Nd5 Qxc2 26. Bh6 Ng6 27. Bg4
Be5 28. Qh3 Bxb5 29. Rxf7 Kxf7 30. Bxe6+ Ke8 31. Ne3 Qxe4 32. Bf5 Qc6 33. Bg5
Rc7 34. Nd5 Rf7 35. Rc1 Bc4 36. Ne3 b5 37. Qxh7 Nf8 38. Qh4 g6 39. Be4 Qc5 40.
Bf3 Rh7 41. Qe4 Ne6 42. Qxg6+ Rf7 43. Rxc4 bxc4 44. Qxe6+ Kf8 45. Bd5 Rg7 46.
Be7+ 1-0

[Event "Olimpiada Calviá 2004"]
[Site "Calviá ESP"]
[Date "2004.10.28"]
[Round "13.40"]
[White "Bakalarz, Mieczyslaw"]
[Black "Rama, Lorenc"]
[Result "1-0"]
[WhiteElo "2389"]
[BlackElo "2347"]
[PlyCount "95"]
[EventDate "2004.10.15"]
[EventType "team"]
[EventRounds "14"]
[EventCountry "ESP"]
[Source "lmi"]
[SourceDate "2004.10.27"]

1. d4 Nf6 2. Nf3 e6 3. Bg5 c5 4. Nc3 cxd4 5. Qxd4 Nc6 6. Qh4 Be7 7. e4 Qc7 8.
Nb5 Qb8 9. Qf4 e5 10. Qe3 a6 11. Nc3 Ng4 12. Qd2 f6 13. Bh4 Nh6 14. Nd5 b5 15.
Bxf6 Bxf6 16. Nxf6+ gxf6 17. Qxh6 Qd6 18. c3 Bb7 19. Rd1 Qf8 20. Qh5+ Kd8 21.
Nh4 Ne7 22. Qe2 Bc6 23. g3 f5 24. Bg2 f4 25. O-O Qf6 26. Nf5 Nxf5 27. exf5 Kc7
28. Rfe1 Rae8 29. Bxc6 dxc6 30. Qd3 Re7 31. a4 Rhe8 32. axb5 cxb5 33. Re4 Kb7
34. Qd5+ Qc6 35. Qxc6+ Kxc6 36. gxf4 exf4 37. Rxf4 Re1+ 38. Rxe1 Rxe1+ 39. Kg2
Kd7 40. Rh4 Re2 41. Rxh7+ Ke8 42. b4 a5 43. bxa5 Ra2 44. Ra7 Ra3 45. a6 Kd8 46.
f6 Ke8 47. Re7+ Kf8 48. a7 1-0

[Event "Olimpiada Calviá 2004"]
[Site "Calviá ESP"]
[Date "2004.10.28"]
[Round "13.40"]
[White "Karkanaqe, Ilir"]
[Black "Brittner, Serge"]
[Result "1/2-1/2"]
[WhiteElo "2382"]
[BlackElo "2291"]
[PlyCount "110"]
[EventDate "2004.10.15"]
[EventType "team"]
[EventRounds "14"]
[EventCountry "ESP"]
[Source "lmi"]
[SourceDate "2004.10.27"]

1. Nf3 Nf6 2. c4 b6 3. g3 c5 4. Bg2 Bb7 5. O-O e6 6. d4 cxd4 7. Qxd4 Be7 8. Nc3
d6 9. Bg5 a6 10. Bxf6 Bxf6 11. Qf4 O-O 12. Rfd1 Be7 13. Ne4 e5 14. Qe3 Qc7 15.
Nc3 Nd7 16. Rac1 Nf6 17. b3 Rab8 18. Qd2 Rfd8 19. Nh4 Bc8 20. Bf3 Qa7 21. Ng2
b5 22. Ne3 bxc4 23. Nxc4 Bb7 24. Bxb7 Qxb7 25. Nd5 Nxd5 26. Qxd5 Qa7 27. Na5
Rb5 28. Qd2 Re8 29. Nc6 Qb7 30. Nxe7+ Qxe7 31. Qxd6 Qxd6 32. Rxd6 a5 33. Ra6 e4
34. Rc7 g6 35. Raa7 Rf5 36. Re7 Kf8 37. Rxe8+ Kxe8 38. Kg2 h5 39. h3 Rc5 40. h4
Kf8 41. f4 exf3+ 42. Kxf3 Kg7 43. e4 Kf6 44. Kf4 Kg7 45. Rd7 Rc2 46. a4 Rc3 47.
Rb7 Kf8 48. e5 Rd3 49. Rb5 Ke7 50. Rxa5 Rxb3 51. Ra7+ Ke6 52. Ra6+ Ke7 53. Ra5
Rb4+ 54. Kf3 Ke6 55. Ra7 Kxe5 1/2-1/2

[Event "Olimpiada Calviá 2004"]
[Site "Calviá ESP"]
[Date "2004.10.28"]
[Round "13.40"]
[White "Weber, Jean-Marie"]
[Black "Seitaj, Ilir"]
[Result "1/2-1/2"]
[WhiteElo "2232"]
[BlackElo "2398"]
[PlyCount "99"]
[EventDate "2004.10.15"]
[EventType "team"]
[EventRounds "14"]
[EventCountry "ESP"]
[Source "lmi"]
[SourceDate "2004.10.27"]

1. d4 d5 2. c4 e6 3. Nc3 c5 4. cxd5 exd5 5. Nf3 Nc6 6. g3 Nf6 7. Bg2 Be7 8. O-O
O-O 9. Bg5 cxd4 10. Nxd4 h6 11. Be3 Re8 12. Rc1 Bg4 13. Qa4 Na5 14. Nb3 Nc4 15.
Nxd5 Nxd5 16. Qxc4 Nxe3 17. fxe3 Be6 18. Qb5 Bg5 19. Rc3 Qb6 20. Qxb6 axb6 21.
a3 Rac8 22. Rfc1 Rcd8 23. Nd4 Bg4 24. Kf2 Rxd4 25. exd4 Rxe2+ 26. Kf1 Bxc1 27.
Rxc1 Rxb2 28. Rc7 Rd2 29. Rxb7 Rxd4 30. Rxb6 Rd1+ 31. Kf2 Rd2+ 32. Kg1 Ra2 33.
Rb8+ Kh7 34. Ra8 Be6 35. Bc6 Kg6 36. a4 Kf5 37. a5 Ke5 38. a6 Kd6 39. Bf3 Kc7
40. a7 g6 41. Rh8 Rxa7 42. Rxh6 g5 43. h4 g4 44. Bg2 Kd6 45. Rf6 Ke5 46. Rf4 f5
47. Rb4 Ra3 48. Kf2 Ra2+ 49. Kg1 Ra3 50. Kf2 1/2-1/2

[Event "Olimpiada Calviá 2004"]
[Site "Calviá ESP"]
[Date "2004.10.28"]
[Round "13.41"]
[White "Lodhi, Mahmood"]
[Black "Naciri, Zouhir"]
[Result "1-0"]
[WhiteElo "2385"]
[BlackElo "2170"]
[PlyCount "65"]
[EventDate "2004.10.15"]
[EventType "team"]
[EventRounds "14"]
[EventCountry "ESP"]
[Source "lmi"]
[SourceDate "2004.10.27"]

1. d4 d5 2. Nf3 Nf6 3. g3 c6 4. Bg2 Bf5 5. O-O e6 6. c4 Nbd7 7. b3 Be7 8. Bb2
O-O 9. Nc3 h6 10. Nd2 a5 11. Qc1 Re8 12. a3 Qb8 13. Re1 Rd8 14. h3 e5 15. e4
dxe4 16. Ncxe4 exd4 17. Bxd4 Nxe4 18. Nxe4 Bxe4 19. Rxe4 Bf6 20. Qe3 Bxd4 21.
Rxd4 Re8 22. Qf3 Qe5 23. Rad1 Nf6 24. b4 axb4 25. axb4 Ra1 26. Bf1 Rxd1 27.
Rxd1 Qe4 28. Qxe4 Rxe4 29. b5 cxb5 30. cxb5 Kf8 31. Rc1 Ke8 32. Bg2 b6 33. Bxe4
1-0

[Event "Olimpiada Calviá 2004"]
[Site "Calviá ESP"]
[Date "2004.10.28"]
[Round "13.42"]
[White "Khairallah, Faisal"]
[Black "Russell, M K A."]
[Result "1/2-1/2"]
[WhiteElo "2323"]
[BlackElo "2221"]
[PlyCount "40"]
[EventDate "2004.10.15"]
[EventType "team"]
[EventRounds "14"]
[EventCountry "ESP"]
[Source "lmi"]
[SourceDate "2004.10.27"]

1. e4 c5 2. Nf3 Nc6 3. Bb5 g6 4. O-O Bg7 5. c3 d5 6. exd5 Qxd5 7. d4 Bg4 8. c4
Qf5 9. d5 O-O-O 10. Bxc6 bxc6 11. Qa4 Bxf3 12. Qxc6+ Kb8 13. Qb5+ Ka8 14. Qc6+
Kb8 15. Qb5+ Ka8 16. gxf3 Qxf3 17. Qc6+ Kb8 18. Qb5+ Ka8 19. Qc6+ Kb8 20. Qb5+
Ka8 1/2-1/2

[Event "Olimpiada Calviá 2004"]
[Site "Calviá ESP"]
[Date "2004.10.28"]
[Round "13.42"]
[White "Dissanayake, P R."]
[Black "Najjar, Ahmad"]
[Result "0-1"]
[WhiteElo "2112"]
[BlackElo "2337"]
[PlyCount "120"]
[EventDate "2004.10.15"]
[EventType "team"]
[EventRounds "14"]
[EventCountry "ESP"]
[Source "lmi"]
[SourceDate "2004.10.27"]

1. e4 e5 2. Nf3 d6 3. d4 exd4 4. Nxd4 Nf6 5. Nc3 Be7 6. Be2 O-O 7. O-O Re8 8.
f4 c6 9. Kh1 Bf8 10. Bf3 Na6 11. Re1 Nc5 12. Nb3 Ne6 13. f5 Nc7 14. Bg5 h6 15.
Bh4 a5 16. Qd3 a4 17. Nd2 Qe7 18. Rad1 Ng4 19. Bxe7 Nf2+ 20. Kg1 Nxd3 21. cxd3
Bxe7 22. Nc4 Ra6 23. d4 b5 24. Ne3 b4 25. Nb1 c5 26. dxc5 dxc5 27. Nd5 Nxd5 28.
exd5 Kf8 29. g4 Bf6 30. Rxe8+ Kxe8 31. Rd2 Rd6 32. b3 axb3 33. axb3 Bd4+ 34.
Kg2 Bb7 35. Re2+ Kf8 36. Nd2 Bxd5 37. Ne4 Rd8 38. Nd2 g6 39. fxg6 fxg6 40. Bxd5
Rxd5 41. Nc4 Bf6 42. Kf3 Kf7 43. Re3 Rd1 44. Re2 Bc3 45. Re3 Kf6 46. Na5 Kg5
47. h3 Kh4 48. Re6 Rf1+ 49. Ke4 Rf2 50. Kd3 Rf6 51. Rxf6 Bxf6 52. Nb7 Be7 53.
Kc4 Kxh3 54. Nxc5 Kxg4 55. Ne4 Kf4 56. Kd3 h5 57. Nd2 g5 58. Ke2 g4 59. Kf2 h4
60. Kg2 Bd6 0-1

[Event "Olimpiada Calviá 2004"]
[Site "Calviá ESP"]
[Date "2004.10.28"]
[Round "13.42"]
[White "Eid, Fadi"]
[Black "Wijesurija, G  Laxman"]
[Result "1-0"]
[WhiteElo "2357"]
[BlackElo "2124"]
[PlyCount "125"]
[EventDate "2004.10.15"]
[EventType "team"]
[EventRounds "14"]
[EventCountry "ESP"]
[Source "lmi"]
[SourceDate "2004.10.27"]

1. e4 e5 2. Nc3 Nf6 3. Nf3 Nc6 4. d4 exd4 5. Nxd4 Bb4 6. Nxc6 bxc6 7. Bd3 d5 8.
exd5 cxd5 9. O-O O-O 10. Bg5 Be6 11. Nb5 Be7 12. Nd4 Qd6 13. Bh4 Ne4 14. Bxe7
Qxe7 15. c4 Nf6 16. Re1 Qd6 17. Nb5 Qd7 18. c5 c6 19. Nd4 Rab8 20. Rb1 Rb4 21.
Bc2 Rfb8 22. b3 Re8 23. a3 Rbb8 24. f3 Qc7 25. Qd2 Bd7 26. b4 Rxe1+ 27. Rxe1
Re8 28. Rxe8+ Bxe8 29. Qe3 a5 30. Nf5 h6 31. Nd6 Kf8 32. Qe1 axb4 33. axb4 Bd7
34. Qa1 Ne8 35. Qa8 Ke7 36. Qb7 Qxb7 37. Nxb7 Nc7 38. Bd3 Bc8 39. Na5 Kd7 40.
Bf5+ Ne6 41. Kf2 Kc7 42. Bxe6 fxe6 43. f4 Ba6 44. Ke3 Kd7 45. Kd4 Bf1 46. g3
Be2 47. h4 Bd1 48. Ke5 Ba4 49. Nb7 Bc2 50. Nd6 Bd3 51. g4 Be2 52. g5 hxg5 53.
fxg5 Bh5 54. Kd4 Kc7 55. Ke5 Kd7 56. b5 cxb5 57. Nxb5 Kc6 58. Nd4+ Kxc5 59.
Nxe6+ Kc4 60. Nxg7 d4 61. Nxh5 d3 62. Ng3 d2 63. Nf1 1-0

[Event "Olimpiada Calviá 2004"]
[Site "Calviá ESP"]
[Date "2004.10.28"]
[Round "13.42"]
[White "Edirisinghe, Dulan"]
[Black "Abdulaziz, Mahmoud"]
[Result "0-1"]
[WhiteElo "2175"]
[BlackElo "2101"]
[PlyCount "106"]
[EventDate "2004.10.15"]
[EventType "team"]
[EventRounds "14"]
[EventCountry "ESP"]
[Source "lmi"]
[SourceDate "2004.10.27"]

1. d4 g6 2. c4 Bg7 3. Nc3 Nf6 4. e4 d6 5. Be2 O-O 6. Be3 Nbd7 7. Nf3 c5 8. d5
b5 9. cxb5 a6 10. O-O axb5 11. Bxb5 Ba6 12. a4 Ne8 13. Bxa6 Rxa6 14. Qc1 Qb6
15. Nb5 Nc7 16. Nxc7 Qxc7 17. Qc2 Rb8 18. Ra2 Rab6 19. Rb1 Qb7 20. Bd2 Rb3 21.
Bc1 Qa6 22. Nd2 Qe2 23. Qc4 Rd3 24. Nf1 Ne5 25. b4 Qxf1+ 26. Kxf1 Nxc4 27. b5
Bc3 28. Ke2 Rd4 29. Be3 Nxe3 30. fxe3 Rb4 31. Rxb4 Bxb4 32. Kd3 Kf8 33. Kc4 Ba5
34. g4 f6 35. h4 Ke8 36. Rb2 Kd7 37. g5 Kc7 38. gxf6 exf6 39. Rf2 Rf8 40. e5
dxe5 41. Kxc5 Bb6+ 42. Kb4 Bxe3 43. Re2 Bd4 44. a5 Rd8 45. Rc2+ Kd6 46. Rc6+
Kxd5 47. Rxf6 e4 48. Rf1 e3 49. Re1 Ke4 50. b6 Kd3 51. Kb5 Kd2 52. Rh1 e2 53.
a6 e1=Q 0-1

[Event "Olimpiada Calviá 2004"]
[Site "Calviá ESP"]
[Date "2004.10.28"]
[Round "13.43"]
[White "Montalvo, Alejandro"]
[Black "Srivachirawat, Kannapon"]
[Result "1/2-1/2"]
[WhiteElo "2240"]
[BlackElo "2166"]
[PlyCount "98"]
[EventDate "2004.10.15"]
[EventType "team"]
[EventRounds "14"]
[EventCountry "ESP"]
[Source "lmi"]
[SourceDate "2004.10.27"]

1. e4 Nf6 2. e5 Nd5 3. d4 d6 4. Nf3 dxe5 5. Nxe5 c6 6. Bd3 Nd7 7. a3 Nxe5 8.
dxe5 Be6 9. O-O g6 10. Qe2 Bg7 11. f4 Qd7 12. Nd2 Bg4 13. Qe1 Bf5 14. Ne4 Bxe4
15. Qxe4 e6 16. c4 Ne7 17. Be3 Nf5 18. Bf2 h5 19. Rad1 Qc7 20. Qe2 O-O-O 21.
Bxf5 exf5 22. Bh4 Rxd1 23. Rxd1 Re8 24. Qf2 b6 25. Qf3 Bf8 26. b4 Be7 27. Bxe7
Rxe7 28. Rd6 Re6 29. c5 bxc5 30. bxc5 Qb7 31. h3 Qb5 32. Qe3 Rxd6 33. exd6 Qb1+
34. Kh2 Qe4 35. Qd2 Kd7 36. Kg3 f6 37. h4 g5 38. hxg5 fxg5 39. fxg5 Qe5+ 40.
Qf4 h4+ 41. Kf3 Qd5+ 42. Kf2 Qxc5+ 43. Kf1 Qb5+ 44. Kg1 Qd5 45. Qxh4 Qd1+ 46.
Kh2 Qxd6+ 47. g3 Qd2+ 48. Kh3 Qd5 49. Kh2 Qd2+ 1/2-1/2

[Event "Olimpiada Calviá 2004"]
[Site "Calviá ESP"]
[Date "2004.10.28"]
[Round "13.43"]
[White "Theerapabpaisit, Wisuwat"]
[Black "Santa Torres, Juan"]
[Result "1-0"]
[WhiteElo "2277"]
[BlackElo "2229"]
[PlyCount "93"]
[EventDate "2004.10.15"]
[EventType "team"]
[EventRounds "14"]
[EventCountry "ESP"]
[Source "lmi"]
[SourceDate "2004.10.27"]

1. e4 c5 2. Nf3 e6 3. d4 cxd4 4. Nxd4 Nf6 5. f3 d5 6. e5 Nfd7 7. f4 Nc6 8. c3
Qb6 9. Qb3 Nxd4 10. Qxb6 Nxb6 11. cxd4 Bd7 12. b3 Bb4+ 13. Bd2 Be7 14. a4 a6
15. Bd3 Nc8 16. Na3 Na7 17. Nc2 h5 18. Ke2 g6 19. g3 Nc6 20. b4 a5 21. b5 Nb8
22. h3 Bc8 23. Ra2 Nd7 24. Na1 Bd8 25. Nb3 b6 26. Raa1 Nf8 27. g4 Bd7 28. Raf1
Rc8 29. Na1 Be7 30. Nc2 Rc7 31. Kd1 Rc8 32. Kc1 Ba3+ 33. Kb1 Be7 34. Kb2 Rc7
35. Kb3 Rc8 36. Ne3 Rc7 37. Be2 Rc8 38. gxh5 gxh5 39. Rhg1 Ng6 40. f5 exf5 41.
Nxf5 Bf8 42. Rg5 Be7 43. Rxh5 Rxh5 44. Bxh5 Bxf5 45. Rxf5 Rc4 46. e6 Nf8 47.
Bxf7+ 1-0

[Event "Olimpiada Calviá 2004"]
[Site "Calviá ESP"]
[Date "2004.10.28"]
[Round "13.43"]
[White "Davila Vega, Juan"]
[Black "Jiravorasuk, Banjuab"]
[Result "0-1"]
[WhiteElo "2169"]
[BlackElo "2323"]
[PlyCount "86"]
[EventDate "2004.10.15"]
[EventType "team"]
[EventRounds "14"]
[EventCountry "ESP"]
[Source "lmi"]
[SourceDate "2004.10.27"]

1. d4 d5 2. c4 c6 3. Nf3 Nf6 4. cxd5 cxd5 5. Nc3 Nc6 6. Bf4 e6 7. e3 a6 8. Bd3
Be7 9. O-O Nh5 10. Bg3 Nxg3 11. hxg3 f5 12. g4 fxg4 13. Nh2 h5 14. Bg6+ Kf8 15.
a3 Rh6 16. Qb1 e5 17. f3 Bf6 18. fxg4 hxg4 19. Bf5 exd4 20. Bxc8 dxc3 21. Nxg4
cxb2 22. Qxb2 Rxc8 23. Nxh6 Ke8 24. Qf2 Ne5 25. Ng8 Rc6 26. Qf5 Qb6 27. Nxf6+
gxf6 28. Qh5+ Ke7 29. Qh7+ Kd8 30. Qh6 Nc4 31. Rfe1 Kc8 32. Rab1 Qd8 33. Qg7
Rc7 34. Qg4+ Kb8 35. Qf4 Ne5 36. Rec1 Rh7 37. Kf2 Ka8 38. Rh1 Rc7 39. Rbc1 Nc4
40. Rh8 Qxh8 41. Qxc7 Nxa3 42. Kf3 Nc4 43. Kf2 Qe8 0-1